| 000 | 00709nam a22002177a 4500 | ||
|---|---|---|---|
| 999 |
_c5552 _d5552 |
||
| 003 | AR-CdUCM | ||
| 008 | 190312b ||||| |||| 00| 0 spa d | ||
| 040 |
_aMUNICIPALIDAD PROVINCIAL DEL CUSCO _cBIBLIOTECA MUNICIPAL DEL CUSCO |
||
| 082 |
_a928 / _bG22D |
||
| 100 |
_aDiaz-Plaja, Guillermo _92681 |
||
| 245 |
_aFederico García Lorca : _bsu obra e influencia en la poesía española |
||
| 260 |
_aBuenos Aires : _bEspasa-Calpe Argentina, _c1954. |
||
| 300 |
_a210 páginas ; _c17 cm. |
||
| 440 |
_aAustral _n1221 _916641 |
||
| 500 | _aDonación de la familia Nieto | ||
| 650 |
_aBiografía _922 |
||
| 650 |
_aLiteratura española _9362 |
||
| 650 |
_a Siglo XX _916642 |
||
| 942 |
_2ddc _cLIBROS |
||
| 945 | _araen | ||